Odpad se má stát surovinou

Podľa tzv. obehového balíka, ktorý schválil Európsky parlament, by mala byť najneskôr v roku 2025 viac než polovica komunálneho odpadu v jednotlivých štátoch EÚ recyklovaná. Česká republika v tejto oblasti zaostáva. Čo znamená obehové hospodárstvo. Zmysel triedenia plastov. Poplatky za skládkovanie...

Descripción completa

Guardado en:
Detalles Bibliográficos
Formato: Capítulo de libro
Lenguaje:checo
Materias:
Etiquetas: Agregar Etiqueta
Sin Etiquetas, Sea el primero en etiquetar este registro!

MARC

LEADER 00000naa a2200000 4500
001 0246117
005 20180629093855.4
041 0 |a cze 
044 |a CZ 
245 1 0 |a Odpad se má stát surovinou 
520 |a Podľa tzv. obehového balíka, ktorý schválil Európsky parlament, by mala byť najneskôr v roku 2025 viac než polovica komunálneho odpadu v jednotlivých štátoch EÚ recyklovaná. Česká republika v tejto oblasti zaostáva. Čo znamená obehové hospodárstvo. Zmysel triedenia plastov. Poplatky za skládkovanie využiteľného odpadu - drahý spôsob likvidácie odpadu. Spaľovanie, spracovanie a energetické využitie odpadu. 
610 2 0 |a odpad komunálny 
610 2 0 |a hospodárstvo odpadové 
610 2 0 |a recyklácia odpadu 
610 2 0 |a výroba energie 
610 2 0 |a plasty 
610 2 0 |a suroviny